| 000 | 00811naa a22002417u 4500 | ||
|---|---|---|---|
| 001 | 16603 | ||
| 003 | HDC | ||
| 007 | cr bn ---aaaaa | ||
| 008 | 210221t200907 xx 000 0 eng | ||
| 040 | _aHDC | ||
| 100 |
_aZaahira Muhammad, _eauthor _92349 |
||
| 245 | 0 |
_aHalal in the drinking culture? / _cby Zaahira Muhammad |
|
| 260 |
_a[No place] : _b[publisher not identified], _c[no date] |
||
| 336 |
_atext _2rdacontent |
||
| 337 |
_acomputer _2rdamedia |
||
| 338 |
_aonline resource _2rdacarrier |
||
| 650 |
_aHalal food industry _9128 |
||
| 650 |
_aIslamic ethics _9277 |
||
| 856 | _zRequest full-text at [email protected] | ||
| 942 | _2lcc | ||
| 942 | _cEIJ | ||
| 942 | _kEMAG 000547 | ||
| 999 |
_c13919 _d13919 |
||